BSOP header

The Santo Niño of Cebu / (Record no. 29233)

MARC details
000 -LEADER
fixed length control field 00617nam a2200181 4500
008 - FIXED-LENGTH DATA ELEMENTS--GENERAL INFORMATION
fixed length control field 010427s1965 ph a 0 engYA
090 ## - LOCALLY ASSIGNED LC-TYPE CALL NUMBER (OCLC); LOCAL CALL NUMBER (OCLC)
Classification number (OCLC) (R) ; Classification number, CALL (RLIN) (NR) BX2159.C4
Local cutter number (OCLC) ; Book number/undivided call number, CALL (RLIN) T25
100 1# - MAIN ENTRY--PERSONAL NAME
Personal name Tenazas, Rosa C. P.
245 10 - TITLE STATEMENT
Title The Santo Niño of Cebu /
Statement of responsibility, etc Rosa C. P. Tenazas
260 ## - PUBLICATION, DISTRIBUTION, ETC. (IMPRINT)
Place of publication, distribution, etc Manila :
Name of publisher, distributor, etc Catholic Trade School,
Date of publication, distribution, etc c1965.
300 ## - PHYSICAL DESCRIPTION
Extent vii, 121 p. :
Other physical details ills.
500 ## - GENERAL NOTE
General note [Photocopy]
504 ## - BIBLIOGRAPHY, ETC. NOTE
Bibliography, etc Includes bibliographical references.
650 #4 - SUBJECT ADDED ENTRY--TOPICAL TERM
Topical term or geographic name as entry element Holy Child, Devotion to
Geographic subdivision Philippines
-- Cebu
650 #4 - SUBJECT ADDED ENTRY--TOPICAL TERM
Topical term or geographic name as entry element Jesus Christ
General subdivision Childhood
951 ## - EQUIVALENCE OR CROSS-REFERENCE-GEOGRAPHIC NAME/AREA NAME [OBSOLETE] [CAN/MARC only]
General subdivision 00034772
951 ## - EQUIVALENCE OR CROSS-REFERENCE-GEOGRAPHIC NAME/AREA NAME [OBSOLETE] [CAN/MARC only]
-- 30620
-- BX2159.C4/T25-2
-- 070613111638500
-- 2000-12-21
-- FIL
Holdings
Withdrawn status Lost status Damaged status Not for loan Home library Current library Shelving location Date acquired Accession number Shelving control number Total Checkouts Full call number Barcode Date last seen Price effective from Koha item type
        BSOP Library BSOP Library Filipiniana 12/21/2000 30620 127   BX2159.C4/T25-2 00034772 02/23/2013 02/23/2013 Books
BSOP

Biblical Seminary of the Philippines
  All rights Reserved
  © 2024

CONTACT INFORMATION

Biblical Seminary of the Philippines,
  77-B Karuhatan Road, Valenzuela City,
  PHILIPPINES 1441
  Phone: +632 8292-6795 / 8292-6798
  Fax : +632 8292-6675
  Email: library@bsop.edu.ph